[Event "FIDE WCCC U12 2018"]
[Site "Santiago de Compostela"]
[Date "2018.11.07"]
[Round "3"]
[White "Yu, Jason"]
[Black "Zhao, Jeffrey Renfei"]
[Result "1/2-1/2"]
[WhiteElo "2097"]
[BlackElo "1889"]
[Annotator "NA RC"]
[PlyCount "99"]
[EventDate "2018.11.04"]
[EventType "swiss"]
[EventCountry "ESP"]
[SourceTitle "playchess.com"]
[Source "ChessBase"]
[SourceQuality "1"]
[TimeControl "40/5400+30:1800+30"]

{[%evp 16,94,0,-6,21,32767,32767,32767,32767,0,-4,32767,-9,-17,0,11,4,1,0,4,9,1,0,0,12,12,27,6,16,9,14,17,20,20,12,27,22,23,25,25,20,16,91,32767,32767,32767,32767,54,122,40,35,31,33,39,37,35,35,35,49,44,34,0,0,0,0,0,0,0,32767,0,0,32767,32767,32767,0,0,0,32767,0,32767,0]} 1. e4 {[%emt 0:00:00]} c5 {[%emt 0:00:00]} 2. Nf3 {[%emt 0:00:00]} d6 {[%emt 0:00:00]} 3. d4 {[%emt 0:00:00]} cxd4 {[%emt 0:00:00]} 4. Nxd4 {[%emt 0:00:00]} Nf6 {[%emt 0:00:00]} 5. Nc3 {[%emt 0:00:00]} a6 {[%emt 0:00:05]} 6. Be2 {[%emt 0:00:00]} e5 {[%emt 0:00:10]} 7. Nb3 {[%emt 0:00:00]} Be7 {[%emt 0:00:17]} 8. a4 {[%emt 0:00:03]} O-O {[%emt 0:00:30]} 9. O-O {[%emt 0:00:06]} Be6 {[%emt 0:00:30]} 10. f4 {[%emt 0:01:04]} exf4 {[%emt 0:00:07]} 11. Bxf4 {[%emt 0:00:18]} Nc6 {[%emt 0:00:15]} 12. Kh1 {[%emt 0:00:53]} d5 {[%emt 0:03:44]} 13. e5 {[%emt 0:08:29]} Ne4 {[%emt 0:00:23]} 14. Bd3 {[%emt 0:00:47] B92: Sicilian Najdorf: 6 Be2} f5 {[%emt 0:00:23]} 15. exf6 $1 {[%emt 0:00:54]} Bxf6 {[%emt 0:01:33]} 16. Nxe4 {[%emt 0:10:27]} dxe4 {[%emt 0:00:10] LiveBook: 4 Games} 17. Bxe4 {[%emt 0:00:20]} Qxd1 {[%emt 0:01:09]} ({Don't go for} 17... Bxb2 $2 {[#]} 18. Qh5 $1 $18 {[%mdl 512]}) 18. Raxd1 {[%emt 0:00:27]} Bxb2 {[%emt 0:00:21]} 19. g3 {[%emt 0:10:18] [#]} Bc4 $146 {[%emt 0:08:27]} ({Predecessor:} 19... Rae8 20. Nc5 Bc4 21. Rfe1 Bc3 22. Bd2 Bd4 23. Be3 Bc3 24. Bd2 Bd4 25. Be3 Bc3 26. Bd2 {½-½ (26) Kovalev,A (2537)-Brodsky,M (2549) Tiumen 2010}) 20. Rfe1 {[%emt 0:02:03]} Bc3 {[%emt 0:06:51]} 21. Re3 {[%emt 0:00:45]} Bb4 {[%emt 0:04:03]} 22. Bxc6 {[%emt 0:17:15]} bxc6 {[%emt 0:00:28]} 23. Re4 {[%emt 0:00:17]} Bxb3 $1 {[%emt 0:01:07]} ({Much weaker is} 23... Bd5 $6 {[#]} 24. Rxd5 $1 {[%mdl 512]} cxd5 25. Rxb4 $16) 24. cxb3 {[%emt 0:00:10]} a5 {[%emt 0:01:04]} 25. Kg2 {[%emt 0:02:26]} Rad8 {[%emt 0:01:04]} 26. Rxd8 {[%emt 0:05:47]} Rxd8 {[%emt 0:00:10]} 27. Kf3 {[%emt 0:00:45]} Rd3+ {[%emt 0:01:31]} 28. Re3 {[%emt 0:00:18]} Rxe3+ {[%emt 0:00:17]} (28... Rd8 $11 {remains equal.}) 29. Bxe3 {[%emt 0:02:00]} Kf7 {[%emt 0:00:15]} 30. Ke4 {[%emt 0:00:15]} Ke6 {[%emt 0:00:12]} 31. g4 {[%emt 0:01:58]} g6 {[%emt 0:00:56]} 32. Bb6 {[%emt 0:00:47]} (32. Kd4 $16) 32... c5 {[%emt 0:12:27]} 33. h3 {[%emt 0:10:43]} Kd6 {[%emt 0:00:58]} 34. Bd8 {[%emt 0:01:08]} Kd7 {[%emt 0:02:25]} 35. Bg5 {[%emt 0:01:30]} Ke6 {[%emt 0:02:02]} 36. Be3 {[%emt 0:01:09]} Ba3 {[%emt 0:02:40]} 37. Bd2 {[%emt 0:04:46]} Bb4 {[%emt 0:01:46]} 38. Bxb4 {[%emt 0:11:28]} cxb4 {[%emt 0:00:09]} 39. Kd4 {[%emt 0:00:24]} g5 {[%emt 0:08:35]} 40. Kc4 {[%emt 0:00:00]} Ke5 $1 {[%emt 0:00:00]} 41. Kb5 {[%emt 0:02:51]} Kd4 {[%emt 0:00:16]} 42. Kxa5 {[%emt 0:00:08]} Kc3 {[%emt 0:00:12]} 43. Kb6 {[%emt 0:00:38]} Kxb3 {[%emt 0:00:08]} 44. a5 {[%emt 0:00:03]} Kc3 {[%emt 0:00:35]} 45. a6 {[%emt 0:00:04]} b3 {[%emt 0:00:12]} 46. a7 {[%emt 0:00:06]} b2 {[%emt 0:00:16]} 47. a8=Q {[%emt 0:00:16]} b1=Q+ $11 {[%emt 0:00:24]} 48. Kc7 {[%emt 0:00:17]} Qg6 {[%emt 0:00:48]} 49. Qd8 {[%emt 0:01:28]} Qf7+ {[%emt 0:05:31]} 50. Kc8 {[%emt 0:03:21]} 1/2-1/2

[Event "FIDE WCCC U12 2018"]
[Site "Santiago de Compostela"]
[Date "2018.11.07"]
[Round "3"]
[White "Damjanovic, Vuk"]
[Black "Makhmudjonov, Davlatbek"]
[Result "0-1"]
[WhiteElo "2053"]
[BlackElo "1608"]
[Annotator "NA RC"]
[PlyCount "170"]
[EventDate "2018.11.04"]
[EventType "swiss"]
[EventCountry "ESP"]
[SourceTitle "playchess.com"]
[Source "ChessBase"]
[SourceQuality "1"]
[TimeControl "40/5400+30:1800+30"]

{[%evp 8,156,22,7,18,-34,19,7,8,14,15,-1,10,7,11,22,39,0,0,-13,-8,0,0,-15,-3,-11,-12,-29,-12,-20,32767,-7,64,41,47,-6,42,49,37,0,32767,32767,32767,32767,-105,-110,-100,-102,-108,32767,32767,-212,32767,32767,32767,-220,32767,32767,32767,32767,32767,32767,32767,32767,32767,32767,32767,32767,-300,32767,-306,-304,-252,-247,-251,-252,-237,-275,-295,-302,32767,32767,-373,-343,-360,32767,32767,32767,32767,32767,-416,32767,-465,32767,32767,32767,-312,-266,-295,32767,32767,-361,32767,32767,32767,32767,-380,-609,-12836,-398,-341,-398,-572,-4134,-5065,32767,32767,32767,32767,32767,32767,32767,32767,32767,32767,32767,-272,-5206,-12793,32767,32767,32767,32767,32767,-29980,-29980,32767,32767,32767,32767,32767,32767,32767,32767,-194,-29986,-29987,-29986,-29987,-29987,-29988]} 1. c4 {[%emt 0:00:00]} e5 {[%emt 0:00:51]} 2. b3 {[%emt 0:00:00]} Nf6 {[%emt 0:07:55] A20: English Opening: 1...e5} 3. Bb2 {[%emt 0:00:28]} Bc5 {[%emt 0:00:21]} (3... Nc6 4. e3 g6 5. d3 Bg7 6. Nf3 d6 7. Be2 O-O 8. a3 Nd7 9. Nc3 a5 10. O-O Re8 11. Nd2 Nc5 12. Nd5 {½-½ (39) Topalov,V (2761)-Aronian,L (2792) Paris 2016}) 4. e3 {[%emt 0:00:10]} d6 {[%emt 0:00:55] LiveBook: 3 Games} 5. a3 {[%emt 0:02:40]} Nc6 {[%emt 0:06:31]} 6. d4 {[%emt 0:01:20]} ({White should play} 6. Nc3 $11) 6... Bb6 {[%emt 0:01:51]} (6... exd4 $15 7. exd4 Bb6) 7. dxe5 $146 {[%emt 0:04:22]} ({Predecessor:} 7. b4 exd4 8. exd4 Qe7+ 9. Be2 a6 10. Nf3 Bf5 11. O-O {½-½ (41) Mueschenich,S (2169)-Korb,A (2032) Germany 2005}) 7... Nxe5 {[%emt 0:08:05]} 8. Nf3 {[%emt 0:02:14]} Qe7 {[%emt 0:03:44]} 9. Be2 {[%emt 0:01:12]} Bf5 {[%emt 0:01:55]} 10. Nc3 {[%emt 0:01:42]} O-O {[%emt 0:04:01]} 11. O-O {[%emt 0:04:29]} Rad8 {[%emt 0:03:03]} 12. Qd2 {[%emt 0:16:55]} (12. Nh4 $5 {[%cal Rh4f5]} Bd7 13. h3 $11) 12... h6 {[%emt 0:03:13]} 13. Rfd1 {[%emt 0:01:56]} c6 {[%emt 0:01:15]} 14. Rac1 {[%emt 0:03:30]} Bc7 {[%emt 0:01:26]} 15. Qe1 {[%emt 0:02:09]} Bb8 {[%emt 0:10:06]} 16. h3 {[%emt 0:05:41]} Rfe8 {[%emt 0:03:07]} 17. b4 {[%emt 0:13:16]} Nxf3+ {[%emt 0:02:11]} 18. Bxf3 {[%emt 0:01:11]} Nd7 {[%emt 0:00:03]} 19. Ne2 {[%emt 0:14:11]} Qg5 {[%emt 0:03:31]} (19... Ne5 $11) 20. Ng3 {[%emt 0:02:22]} Bg6 {[%emt 0:02:38]} 21. Ne2 {[%emt 0:01:58]} Be4 {[%emt 0:10:57]} 22. Bxe4 {[%emt 0:01:09]} Rxe4 {[%emt 0:00:02]} 23. Rd4 {[%emt 0:00:38]} Ne5 {[%emt 0:04:34]} 24. f4 {[%emt 0:09:53]} Nf3+ {[%emt 0:00:10]} 25. Kh1 {[%emt 0:00:07]} Nxe1 {[%emt 0:00:09]} 26. fxg5 {[%emt 0:00:07]} Rxd4 {[%emt 0:00:36]} 27. Bxd4 {[%emt 0:01:22]} Nd3 {[%emt 0:00:11]} 28. Rf1 {[%emt 0:03:56]} hxg5 {[%emt 0:00:07]} 29. e4 {[%emt 0:01:02]} (29. Kg1 $17 {war nötig.} Ne5 30. Bxe5 dxe5 31. Ng3) 29... Re8 {[%emt 0:00:33]} 30. Nc3 {[%emt 0:00:32]} Nf4 {[%emt 0:00:34]} 31. g3 {[%emt 0:00:38]} (31. Rd1 $17) 31... Nxh3 {[%emt 0:01:34]} 32. Kg2 {[%emt 0:00:07]} g4 {[%emt 0:00:04]} 33. Be3 {[%emt 0:00:04]} Bc7 {[%emt 0:01:13]} 34. a4 {[%emt 0:01:41]} Bb6 {[%emt 0:00:10]} 35. c5 {[%emt 0:00:07]} dxc5 {[%emt 0:00:05]} 36. a5 {[%emt 0:00:36]} Bd8 {[%emt 0:00:22]} 37. Bxc5 {[%emt 0:00:59]} Bf6 {[%emt 0:00:10]} 38. Nd1 {[%emt 0:00:21]} Rxe4 {[%emt 0:00:42]} 39. Ne3 {[%emt 0:01:13]} Bd4 {[%emt 0:00:45]} 40. Nxg4 {[%emt 0:00:00]} Bxc5 {[%emt 0:00:00]} 41. bxc5 {[%emt 0:01:17]} Rxg4 {[%emt 0:01:14]} 42. Kxh3 {[%emt 0:00:01]} Rb4 {[%emt 0:00:10]} 43. Rd1 {[%emt 0:00:11]} Rb5 {[%emt 0:00:08]} 44. Rd8+ {[%emt 0:00:09]} Kh7 {[%emt 0:00:06]} 45. Rd7 {[%emt 0:00:01]} f6 {[%emt 0:00:45]} 46. a6 {[%emt 0:00:14]} bxa6 {[%emt 0:00:05]} 47. Rxa7 {[%emt 0:00:02]} a5 {[%emt 0:00:06]} 48. Kg4 {[%emt 0:00:10]} Rxc5 {[%emt 0:00:07]} 49. Kf4 {[%emt 0:00:19]} Rc4+ {[%emt 0:00:16]} 50. Kf5 {[%emt 0:00:05]} a4 {[%emt 0:00:06]} 51. g4 {[%emt 0:00:01]} Rc3 {[%emt 0:00:24]} 52. Rxa4 {[%emt 0:00:09]} Rc5+ {[%emt 0:00:09]} 53. Kf4 {[%emt 0:00:05]} Kg6 {[%emt 0:00:09]} 54. Ra7 {[%emt 0:00:09]} Rc1 {[%emt 0:00:17]} 55. Rc7 {[%emt 0:00:10]} c5 {[%emt 0:00:04]} 56. Kg3 {[%emt 0:00:12]} Rc3+ {[%emt 0:00:59]} 57. Kf4 {[%emt 0:00:06]} c4 {[%emt 0:00:05]} 58. Rc5 {[%emt 0:00:20]} Rc1 {[%emt 0:00:53]} 59. Kf3 {[%emt 0:00:34]} c3 {[%emt 0:00:04]} 60. Kg2 $2 {[%emt 0:00:03]} (60. Ke2) 60... c2 {[%emt 0:02:00]} 61. Kh2 {[%emt 0:00:10]} Kf7 {[%emt 0:00:11]} 62. Kg2 {[%emt 0:00:04]} Ke6 {[%emt 0:00:07]} 63. Rc8 {[%emt 0:00:03]} Ke5 {[%emt 0:00:19]} 64. Rc4 {[%emt 0:00:05]} g5 {[%emt 0:00:06]} 65. Kh2 {[%emt 0:00:04]} Kd5 {[%emt 0:00:06]} 66. Rc8 {[%emt 0:00:04]} Ke4 {[%emt 0:00:09]} 67. Kg2 $2 {[%emt 0:00:06]} (67. Rc6) 67... Ke3 {[%emt 0:00:53]} 68. Rc6 {[%emt 0:01:44]} Rd1 {[%emt 0:00:08]} 69. Rxc2 {[%emt 0:00:05]} Rd2+ {[%emt 0:00:03]} 70. Rxd2 {[%emt 0:00:02]} Kxd2 {[%emt 0:00:01]} 71. Kf2 {[%emt 0:00:01]} Kd3 {[%emt 0:00:14]} 72. Kf3 {[%emt 0:00:00]} Kd4 {[%emt 0:00:08]} 73. Kf2 {[%emt 0:00:03]} Ke4 {[%emt 0:00:07]} 74. Kg2 {[%emt 0:00:01]} Kf4 {[%emt 0:00:08]} 75. Kh3 {[%emt 0:00:02]} Kf3 {[%emt 0:00:07]} 76. Kh2 {[%emt 0:00:01]} Kxg4 {[%emt 0:00:08]} 77. Kg2 {[%emt 0:00:01]} f5 {[%emt 0:00:09]} 78. Kf2 {[%emt 0:00:04]} f4 {[%emt 0:00:04]} 79. Kg2 {[%emt 0:00:02]} f3+ {[%emt 0:00:05]} 80. Kf2 {[%emt 0:00:02]} Kf4 {[%emt 0:00:05]} 81. Kf1 {[%emt 0:00:02]} Kg3 {[%emt 0:00:15]} 82. Kg1 {[%emt 0:00:04]} f2+ {[%emt 0:00:07]} 83. Kf1 {[%emt 0:00:03]} g4 {[%emt 0:00:04]} 84. Ke2 {[%emt 0:00:05]} Kg2 {[%emt 0:00:05]} 85. Ke3 {[%emt 0:00:01]} f1=Q {[%emt 0:00:11]} 0-1

[Event "FIDE WCCC U12 2018"]
[Site "Santiago de Compostela"]
[Date "2018.11.07"]
[Round "3"]
[White "Xu, Arthur"]
[Black "Yoo, Christopher Woojin"]
[Result "0-1"]
[WhiteElo "2034"]
[BlackElo "2407"]
[Annotator "TA"]
[PlyCount "120"]
[EventDate "2018.11.04"]
[EventType "swiss"]
[EventCountry "ESP"]
[SourceTitle "playchess.com"]
[Source "ChessBase"]
[SourceQuality "1"]

{[%evp 24,120,0,-12,-2,-2,-2,-2,2,3,3,4,5,-22,-21,-50,-43,-48,-37,-45,-14,-22,3,-22,-18,-25,-18,-49,-54,-47,-43,-44,-35,-36,0,-70,-70,-77,-74,-111,-93,-148,-150,-239,-152,-231,-41,-39,-32,-212,-162,-224,-105,-266,-256,-217,-65,-83,-55,-71,-82,-58,-63,-71,-62,-164,-154,-172,-172,-165,-161,-168,-105,-113,-114,-110,-126,-156,-156,-250,-68,-77,-77,-897,-889,-874,-828,-836,-841,-827,-784,-29981,-29982,-29982,-29983,-29983,-29984,-29987,-29988]} 1. e4 e5 2. Nf3 Nc6 3. Bb5 a6 4. Ba4 Nf6 5. O-O Be7 6. Re1 b5 7. Bb3 d6 8. c3 O-O 9. d4 Bg4 10. d5 Na5 11. Bc2 Qc8 12. h3 {C91: Spanische Partie (Abweichungen von der Hauptvariante)} (12. Nbd2 c6 13. b4 Nb7 14. dxc6 Qxc6 15. Bb2 Bd8 16. Bb3 a5 17. a4 bxa4 18. Bxa4 Qc8 19. h3 Be6 {1-0 (54) Perunovic,M (2593)-Indjic,A (2599) Valjevo 2018}) 12... Bd7 13. Bg5 {LiveBook: 8 Partien} h6 14. Bxf6 {Die Stellung ist ausgeglichen.} Bxf6 15. Nbd2 c5 $146 ({Vorgänger:} 15... c6 16. Qe2 cxd5 17. exd5 Bd8 18. Ne4 Qc7 19. Ng3 f5 {0-1 (55) Sciupokas,A (2266)-Wharrier,J (2365) ICCF email 2013}) 16. b3 Qc7 17. Nf1 Rab8 18. g4 g6 19. Ng3 Kg7 20. Kh2 Qd8 21. Rg1 Bg5 22. Nxg5 Qxg5 23. Qf3 (23. Nf5+ {is interesting.} Kh8 24. Ne3 Qf4+ 25. Kg2 Kg7 26. Kf1) 23... Qf4 24. Qxf4 exf4 25. Ne2 g5 $1 26. Rge1 Rfe8 27. Kg2 f6 28. f3 Nb7 29. Nc1 (29. a4 $11) 29... Nd8 $15 30. a3 Nf7 31. Rd1 a5 {[%cal Ba6a5,Ba5a4][%mdl 32]} 32. Ne2 (32. h4 $142) 32... Ne5 $17 33. Kf2 (33. Rh1 $17) 33... a4 34. b4 {[#]} (34. h4 $17 {war nötig.}) 34... Nc4 $2 (34... h5 $1 $19 {[%mdl 512]} 35. bxc5 (35. gxh5 cxb4) 35... hxg4 36. hxg4 dxc5) 35. Bd3 $15 Ne3 {Und weiter mit ...c4 wäre nett.} 36. Rdc1 $2 {[#]} (36. Rg1 $15) 36... h5 $1 {[%mdl 512]} 37. Rh1 (37. bxc5 $142 dxc5 38. gxh5) (37. gxh5 c4) 37... Rh8 (37... hxg4 38. hxg4 c4 39. Bb1 $15) (37... c4 $19 {und Schwarz behält klar die Oberhand.} 38. Bb1 Rh8) 38. Ng3 $2 (38. bxc5 $17 {war einen Versuch wert.} dxc5 39. Rag1) 38... hxg4 $19 ({Weniger gut wäre} 38... fxg3+ 39. Kxe3 c4 40. Bc2 $17) 39. hxg4 Bxg4 $2 ({Schwächer ist} 39... fxg3+ 40. Kxe3 c4 41. Be2 $11) (39... c4 $19 40. Be2 Nc2 41. Nh5+ Rxh5 $1 {[%mdl 512]} 42. gxh5 Nxa1 43. Rxa1 Re8) 40. fxg4 $15 Nxg4+ 41. Kg2 {Sf5+ ist eine echte Drohung.} fxg3 42. Rxh8 Kxh8 43. bxc5 {Schwarz muss nun c6 beachten.} dxc5 (43... Ne5 {looks sharper.} 44. Be2 dxc5 45. Rb1 b4 46. cxb4 cxb4 47. axb4 Rc8) 44. Kxg3 $17 {[%mdl 4096] Endspiel KTL-KTS} ({Günstiger ist} 44. Rb1 $15) 44... Ne5 $19 45. Bc2 Nc4 46. Bd3 Nd6 $1 47. Rb1 c4 ({Besser ist} 47... Kg7 $19 48. Kg2 Re8) 48. Bc2 $17 Kg7 49. Re1 Re8 50. Kg4 Re5 51. Re3 {[#]} (51. Re2 $17) 51... Kh6 $2 (51... f5+ $1 $19 {[%mdl 512]} 52. Kxg5 (52. exf5 Rxe3) 52... fxe4+ 53. Kf4 Rf5+ 54. Kg4 Rxd5) 52. Rh3+ $15 {[#]} Kg6 $1 53. Re3 $2 {[%mdl 8192] [#]} (53. Kf3 $17) 53... Nxe4 $1 $19 {[%mdl 512]} 54. Kf3 (54. Bxe4+ Rxe4+) 54... f5 55. d6 Kf6 56. d7 Ke7 57. Bxe4 Rxe4 {Schwarz setzt Matt.} 58. Rxe4+ fxe4+ 59. Kxe4 Kxd7 60. Kf5 {[#]} b4 $1 {Precision: Weiß = 27%, Schwarz = 54%.} 0-1

[Event "FIDE WCCC U12 2018"]
[Site "Santiago de Compostela"]
[Date "2018.11.07"]
[Round "3"]
[White "Stalmach, Richard"]
[Black "Guo, Arthur"]
[Result "1-0"]
[WhiteElo "2028"]
[BlackElo "2333"]
[Annotator "TA"]
[PlyCount "82"]
[EventDate "2018.11.04"]
[EventType "swiss"]
[EventCountry "ESP"]
[SourceTitle "playchess.com"]
[Source "ChessBase"]
[SourceQuality "1"]

{[%evp 21,82,5,10,10,30,30,23,0,0,0,0,-13,0,0,30,32,33,33,33,58,38,34,89,71,70,60,70,68,73,60,32,22,420,334,330,325,313,-264,-258,-538,-538,-496,-513,-531,-531,-479,-494,-406,-179,-4778,-3973,-2539,-1393,-1906,-1708,-1368,-543,-1483,-1451,-1442,-1381,-1060,-1010]} 1. d4 Nf6 2. c4 e6 3. Nf3 b6 4. g3 Bb7 5. Bg2 Be7 6. Nc3 Ne4 7. Bd2 O-O 8. O-O Bf6 9. Rc1 d6 10. d5 Nxd2 11. Qxd2 Nd7 {LiveBook: 4 Games. E18: Queen's Indian: Old Main Line (4 g3 Bb7 5 Bg2 Be7 6 0-0 0-0 7 Nc3)} (11... e5 12. e4 Nd7 13. h4 a5 14. Bh3 Nc5 15. Kg2 Bc8 16. Rh1 Bxh3+ 17. Rxh3 Qd7 18. Nh2 h5 19. f3 g6 {1-0 (48) So,W (2808)-Rapport,R (2702) Wijk aan Zee 2017 CBM 177 [Stohl,I]}) 12. b4 Bxc3 13. Qxc3 e5 {White has an edge.} 14. Nd2 a5 15. a3 {[#]} f5 $146 ({Predecessor:} 15... Qe7 16. Nb3 axb4 17. axb4 Ra2 18. Ra1 Rfa8 19. Rxa2 Rxa2 {1-0 (70) Lysyj,I (2677)-Levin,E (2518) Sochi 2015}) 16. f4 Qe7 17. e4 fxe4 18. Nxe4 exf4 19. gxf4 h6 20. Rce1 axb4 21. axb4 {Threatens to win with Nxd6!} Qd8 ({Black should try} 21... Qh4 $1 $14) 22. Bh3 $16 Nf6 23. Be6+ Kh8 24. Ng3 Qe8 25. Nf5 {And now Qg3 would win.} Qg6+ 26. Kh1 Ne8 $2 {[%mdl 8192]} ({Much worse is} 26... Ra2 $6 27. Rg1 $16) (26... Rae8 $1 $11) 27. Rg1 Qf6 28. Qh3 c6 {[#] Threatening ...cxd5.} 29. Qh5 $4 {[%mdl 8192]} (29. Nh4 $1 $18 {[%cal Rh4g6] is the narrow road to win. Strongly threatening Ng6+.} cxd5 30. Ng6+ (30. cxd5 Ra3 $18) (30. Bxd5 Bxd5+ 31. cxd5 Kg8 $14) 30... Kh7 31. cxd5) 29... cxd5 $40 {[%mdl 128] Black attacks with force.} 30. Rg6 $2 (30. Qf3 Nc7 31. Nxd6 Nxe6 32. Nxb7) 30... Ra1 31. Rxf6 Rxe1+ 32. Kg2 {White threatens Rxh6+! and mate.} Nxf6 33. Qg6 {[%csl Gf5][%cal Rg6g7] [#]} Nh5 $1 {[%cal Rh5f4][%mdl 512]} 34. Kf2 {[#]} (34. Qxh5 dxc4+) 34... Re4 (34... Re2+ $142 $1 {[%mdl 512]} 35. Kf1 (35. Kxe2 Nxf4+) 35... d4 36. Qxh5 Rxe6) 35. Bc8 $2 (35. cxd5 Bxd5 36. Bxd5 Rxf4+ 37. Ke3 R4xf5 38. Be4) 35... Bxc8 {Black is clearly winning.} 36. Nxh6 Rexf4+ 37. Ke3 d4+ 38. Kd3 Rh4 {...Nf4+ is the strong threat.} 39. Qxd6 Rf6 40. Qd8+ Kh7 41. Qxc8 Rf3+ {[%mdl 32768] Precision: White = 43%, Black = 42%. . Loss on Time!?} 1-0

[Event "FIDE WCCC U12 2018"]
[Site "Santiago de Compostela"]
[Date "2018.11.07"]
[Round "3"]
[White "Thomforde-Toates, Noah"]
[Black "Kostolansky, Sebastian Lukas"]
[Result "0-1"]
[WhiteElo "1970"]
[BlackElo "2323"]
[Annotator "TA"]
[PlyCount "96"]
[EventDate "2018.11.04"]
[EventType "swiss"]
[EventCountry "ESP"]
[SourceTitle "playchess.com"]
[Source "ChessBase"]
[SourceQuality "1"]

{[%evp 15,96,21,93,93,87,96,108,94,83,73,83,79,80,65,70,43,35,47,75,71,70,64,70,61,96,11,70,41,68,64,75,0,20,0,0,-22,-28,-29,-24,-19,-16,-42,-18,-21,-25,-39,-21,-34,0,-16,0,0,0,0,0,-11,-11,-31,-8,-23,-24,-122,-118,-150,-129,-162,-169,-153,-157,-208,-182,-251,-217,-194,-123,-123,-233,-5941,-5949,-29979,-29980,-29979,-29980]} 1. e4 g6 2. d4 Bg7 3. Nc3 d6 4. Nf3 Nf6 5. Be2 O-O 6. O-O Nbd7 7. h3 a6 8. a4 b6 (8... e5 $11) 9. e5 $16 {B08: Pirc Defence: Classical System} Ne8 10. Bc4 $1 {aiming for e6.} dxe5 11. dxe5 {White is better.} Bb7 12. e6 Nd6 13. exf7+ ({Stronger than} 13. exd7 Nxc4 14. Re1 Nd6 $17) 13... Kh8 14. Ba2 Nxf7 15. Ng5 $146 ({Predecessor:} 15. Bxf7 Bxf3 16. Qxf3 Ne5 {1-0 (68) Luetke,J (2320)-Nijboer,F (2465) Porz 1991}) 15... Nxg5 16. Bxg5 Rf5 17. Be3 Nc5 18. Qxd8+ Rxd8 19. Rad1 Rd6 20. Rfe1 (20. a5 $16) 20... Bf6 (20... h5 $11) 21. Rxd6 (21. a5 {seems wilder.} bxa5 22. g4 Re5 23. g5 Rxd1 24. Rxd1 Bxg5 25. Bd4) 21... exd6 22. f4 $1 {And now g4 would win.} Bg7 23. Bc4 (23. Bd2 $1 $16) 23... h5 24. g4 Rf8 25. Kh2 Nxa4 26. Nxa4 {Hoping for Nc3.} b5 27. Bd3 {Threatens to win with Nc3.} bxa4 28. c3 hxg4 29. hxg4 g5 30. Bf5 Re8 {White must now prevent ...gxf4.} 31. fxg5 Be5+ 32. Kg1 a3 33. bxa3 Bxc3 34. Rb1 Be4 35. Bxe4 Rxe4 $11 {[%mdl 4096] Endgame KRB-KRB} 36. Kf2 Rxg4 {next ...Be5 is good for Black.} 37. Kf3 Ra4 38. Rb3 (38. Rb8+ $11 {remains equal.} Kg7 39. Rb7) 38... Be5 $17 39. Rb8+ Kg7 40. Rb7 d5 41. Bc1 Kg6 42. Ra7 (42. Rb8 $17) 42... Kf5 43. Ke2 (43. Ra8 {might work better.}) 43... Ke4 {...Rc4 is the strong threat.} 44. g6 {[#]} Rc4 (44... Kf5 $1 $19 45. g7 Rg4) 45. Bh6 {[#]} Rc2+ $1 46. Kd1 $2 (46. Kf1 Rh2 47. g7) 46... Rh2 $19 47. g7 Kd3 {[%cal Rh2h1]} 48. Ke1 Bd4 {Precision: White = 38%, Black = 48%.} 0-1

[Event "FIDE WCCC U12 2018"]
[Site "Santiago de Compostela"]
[Date "2018.11.07"]
[Round "3"]
[White "Zheng, Michael"]
[Black "Wang, Jason"]
[Result "0-1"]
[WhiteElo "1970"]
[BlackElo "2229"]
[Annotator "TA"]
[PlyCount "84"]
[EventDate "2018.11.04"]
[EventType "swiss"]
[EventCountry "ESP"]
[SourceTitle "playchess.com"]
[Source "ChessBase"]
[SourceQuality "1"]

{[%evp 20,84,52,78,68,0,0,-12,0,-28,-18,-27,-5,-64,-62,-74,-58,-547,-547,-539,-323,-715,-422,-376,-366,-411,-424,-413,-427,-1039,-1021,-1092,-1048,-1178,-1052,-1016,-1043,-1043,-1039,-1024,-1009,-1057,-1059,-1038,-1035,-958,-889,-875,-881,-867,-939,-931,-918,-935,-914,-1082,-1032,-1199,-1190,-1518,-1456,-29983,-29984,-29981,-29982,-29990,-29991]} 1. e4 c5 2. Nf3 e6 3. d4 cxd4 4. Nxd4 a6 5. Nc3 b5 6. Bd3 Qb6 7. Nf3 Qc7 8. O-O Bb7 {B43: Sizilianisch (Paulsen-Variante)} 9. Re1 Be7 10. e5 (10. Qd2 Nf6 11. Qg5 Kf8 12. Bf4 Qd8 13. e5 Nd5 14. Qg3 Nxf4 15. Qxf4 Bxf3 16. Qxf3 {½-½ (29) Grischuk,A (2772)-Khismatullin,D (2632) Riadh 2017}) 10... f5 11. Nd4 {LiveBook: 16 Partien} b4 12. Nb1 $146 (12. Na4 $14) ({Vorgänger:} 12. Na4 Nc6 13. c3 Qa5 14. Bf4 Nh6 15. a3 bxa3 16. b4 {1-0 (29) Teclaf,P (2399)-Vetoshko,V (2521) Suwalki 2018}) 12... Nc6 $11 13. Nxc6 Qxc6 {[%csl Gb7][%cal Rc6g2]} 14. Qh5+ g6 {[%csl Gb7][%cal Rc6g2]} 15. Qh3 h5 {[%cal Bh7h5,Bh5h4][%mdl 32]} 16. c3 ({Günstiger ist} 16. Nd2 $11) 16... g5 $36 {[%mdl 2048] Und weiter mit ...g4 wäre nett. Schwarz hat Druck.} 17. Bf1 $1 h4 {Weiss muss nun ...g4 beachten.} 18. f3 $2 {[%mdl 8192]} (18. cxb4 $1 $15 Bxb4 19. Bd2) 18... Nh6 $19 19. cxb4 Bxb4 20. Bd2 $2 (20. Nc3 Bc5+ 21. Kh1) 20... Qb6+ 21. Kh1 Be7 22. Nc3 Qxb2 23. Red1 {zielt auf Tab1 ab.} g4 24. fxg4 (24. Rab1 $142 Qc2 25. fxg4 Nxg4 26. Be1) 24... Nxg4 25. Be1 {[#]} Qf2 $1 {[%cal Rf2f1][%mdl 512]} 26. Be2 {[#]} (26. Bxf2 Nxf2+) 26... Bc5 $1 {[%csl Gc5][%cal Rf2g1][%mdl 512]} 27. Bxf2 Nxf2+ {[%cal Bg4f2,Bf2h3,Bh3f4][%mdl 32]} 28. Kg1 Nxh3+ 29. Kf1 Nf4 30. Bf3 Bxf3 31. gxf3 Rg8 {[%csl Gc5][%cal Rg8g1]} 32. Ne2 Nxe2 33. Kxe2 Ke7 34. Rac1 Rg2+ 35. Kd3 Rc8 36. Rc4 Rxh2 37. Rdc1 d6 38. a4 a5 39. f4 Rd8 40. exd6+ Rxd6+ {Schwarz setzt Matt.} 41. Kc3 Bb4+ 42. Kb3 Rd3+ {Precision: Weiß = 30%, Schwarz = 91%.} 0-1